Gender rituals : (Record no. 259)
[ view plain ]
| 000 -LEADER | |
|---|---|
| fixed length control field | 00832cam a2200265 a 4500 |
| 001 - CONTROL NUMBER | |
| control field | 2070663 |
| 005 - DATE AND TIME OF LATEST TRANSACTION | |
| control field | 20240201044820.0 |
| 008 - FIXED-LENGTH DATA ELEMENTS--GENERAL INFORMATION | |
| fixed length control field | 941025s1995 enka b 001 0 eng |
| 020 ## - INTERNATIONAL STANDARD BOOK NUMBER | |
| ISBN | 0415911060 (cl. : acidfree paper) |
| 020 ## - INTERNATIONAL STANDARD BOOK NUMBER | |
| ISBN | 0415911079 (pbk. : acidfree paper) |
| 040 ## - CATALOGING SOURCE (பட்டியலாக்க மூலம்) | |
| Original cataloging agency | DLC |
| Transcribing agency | DLC |
| Modifying agency | DLC |
| 082 00 - DDC Classification | |
| Class No. | 392/.14 |
| DDC Edition Number | 20 |
| 245 00 - TITLE STATEMENT | |
| Title | Gender rituals : |
| Remainder of title | female initiation in Melanesia / |
| Statement of responsibility, etc. | edited by Nancy C. Lutkehaus and Paul B. Roscoe. |
| 260 ## - PUBLICATION, DISTRIBUTION, ETC. | |
| Place of publication, distribution, etc. | New York : |
| Name of publisher, distributor, etc. | Routledge, |
| Date of publication, distribution, etc. | 1995. |
| 300 ## - PHYSICAL DESCRIPTION | |
| Extent (e.g. Volumes, Pages etc.) | xix, 265 p. : |
| 650 #0 - SUBJECT ADDED ENTRY--TOPICAL TERM | |
| Topical term or geographic name entry element | Initiation rites |
| 650 #0 - SUBJECT ADDED ENTRY--TOPICAL TERM | |
| Topical term or geographic name entry element | Puberty rites |
| 650 #0 - SUBJECT ADDED ENTRY--TOPICAL TERM | |
| Topical term or geographic name entry element | Female genital mutilation |
| 650 #0 - SUBJECT ADDED ENTRY--TOPICAL TERM | |
| Topical term or geographic name entry element | Women |
| 650 #0 - SUBJECT ADDED ENTRY--TOPICAL TERM | |
| Topical term or geographic name entry element | Women |
| 700 1# - ADDED ENTRY--PERSONAL NAME | |
| Personal name | Lutkehaus, Nancy. |
| Relator term (Role) | Editor |
| 700 1# - ADDED ENTRY--PERSONAL NAME | |
| Personal name | Roscoe, Paul Bernard, |
| Relator term (Role) | Editor |
| 856 42 - ELECTRONIC LOCATION AND ACCESS | |
| Uniform Resource Identifier | <a href="http://www.loc.gov/catdir/enhancements/fy0651/94039869-d.html">http://www.loc.gov/catdir/enhancements/fy0651/94039869-d.html</a> |
| 942 ## - Koha item type (Biblio) | |
| Koha item type | Books in Stacks (Lending) |
| Lost status | Damaged status | Collection code | Home library | Current library | Date acquired | Full call number | Accession Number | Item type |
|---|---|---|---|---|---|---|---|---|
| Lending | WERC Library | WERC Library | 02/01/2024 | 392/.14 | 5173 | Books in Stacks (Lending) |
